| 000 | 00338nam a22001457a 4500 | ||
|---|---|---|---|
| 003 | SGT | ||
| 020 | _a818579061-2 | ||
| 082 |
_a616.01 _bP16K |
||
| 100 | _aKOKARE,CHANDRAKANT | ||
| 245 | _aPHARMACEUTICAL MICROBIOLOGY | ||
| 260 |
_aNEW DELHI _bNIRALI PUBLICATION _c2016 |
||
| 300 | _a26.26 & 1.5 | ||
| 650 | _aMICROBIOLOGY | ||
| 942 |
_2ddc _cBK |
||
| 999 |
_c9003 _d9003 |
||